Top 10 best greek islands - Statistics

General Stats
  • This quiz has been taken 229 times
  • The average score is 6 of 10
Answer Stats
Hint Answer % Correct
3 Crete
94%
4 Rhodes
79%
1 Santorini
71%
6 Corfu
70%
2 Mykonos
66%
10 Kos
48%
8 Samos
38%
7 Chios
34%
9 Paros
33%
5 Skiathos
23%
No matching quizzes found
Score Distribution
Percent of People with Each Score
Percentile by Number Answered
Your Score History
You have not taken this quiz